[Event "Quebec-ch A U20 Pepsico"]
[Site "Montreal CAN"]
[Date "2012.02.12"]
[Round "5"]
[White "Cote-Lalumiere, Tristan"]
[Black "Chang, Michael"]
[Result "0-1"]
[WhiteElo "1958"]
[BlackElo "1806"]
[PlyCount "72"]
[GameId "2160767909576674"]
[EventDate "2012.02.10"]
[EventType "swiss"]
[EventRounds "5"]
[EventCountry "CAN"]
[SourceTitle "EXT 2022"]
[Source "ChessBase"]
[SourceDate "2021.10.06"]
[SourceVersion "1"]
[SourceVersionDate "2021.10.06"]
[SourceQuality "1"]

1. e4 c6 2. c4 d5 3. exd5 cxd5 4. cxd5 Qxd5 5. Nc3 Qd8 6. Nf3 Nf6 7. d4 Bg4 8. Bg5 a6 9. Bc4 Nc6 10. Qb3 e6 11. Ne5 Nxd4 12. Qxb7 Be7 13. Bxf6 gxf6 14. Nc6 Nxc6 15. Qxc6+ Kf8 16. Bxa6 Kg7 17. f3 Bf5 18. Bb7 Ra5 19. O-O Rc5 20. Rfd1 Qb8 21. Qa6 Bc2 22. Rd2 Rh5 23. g4 Rh4 24. Rxc2 Bd6 25. Ne4 Bxh2+ 26. Kg2 h5 27. Kf1 Qf4 28. Rg2 hxg4 29. Nf2 Bg3 30. Ke2 Rh2 31. fxg4 Rxg2 32. Bxg2 Qxf2+ 33. Kd3 Rd8+ 34. Kc3 Be5+ 35. Kb4 Qxb2+ 36. Ka5 Bc3+ 0-1

[Event "Quebec-ch A U20 Pepsico"]
[Site "Montreal CAN"]
[Date "2012.02.12"]
[Round "5"]
[White "Guentchev, Radoslav"]
[Black "Samikov, Chingis"]
[Result "1-0"]
[WhiteElo "1421"]
[BlackElo "1417"]
[PlyCount "135"]
[GameId "2160767909576675"]
[EventDate "2012.02.10"]
[EventType "swiss"]
[EventRounds "5"]
[EventCountry "CAN"]
[SourceTitle "EXT 2022"]
[Source "ChessBase"]
[SourceDate "2021.10.06"]
[SourceVersion "1"]
[SourceVersionDate "2021.10.06"]
[SourceQuality "1"]

1. d4 Nf6 2. Nf3 g6 3. g3 Bg7 4. Bg2 d6 5. O-O O-O 6. c4 Nbd7 7. Nc3 e5 8. dxe5 dxe5 9. Bg5 Re8 10. e4 c6 11. Qc2 Qc7 12. Bxf6 Nxf6 13. Rad1 Be6 14. b3 h6 15. Qd2 Red8 16. Qc2 a5 17. Rxd8+ Rxd8 18. Rd1 Rxd1+ 19. Qxd1 Nd7 20. Ne1 Nc5 21. Nd3 Na6 22. Qd2 Qd6 23. Qe3 Qd4 24. Qxd4 exd4 25. Na4 Nb4 26. Nxb4 axb4 27. Nc5 Bc8 28. Nd3 Bf8 29. c5 Kg7 30. f4 Bg4 31. Kf2 Bd1 32. Nxb4 Bxc5 33. Nd3 Ba3 34. Ke1 Bc2 35. Kd2 Bb1 36. Bh3 b6 37. Bd7 c5 38. Bb5 f6 39. e5 fxe5 40. Nxe5 Bb4+ 41. Kc1 Bf5 42. Bd3 Kf6 43. Kc2 Ke6 44. Bxf5+ gxf5 45. Kd3 b5 46. a4 bxa4 47. bxa4 Kd5 48. Nc4 Kc6 49. a5 Kc7 50. a6 Bc3 51. a7 Kb7 52. Nd6+ Kxa7 53. Nxf5 Kb6 54. Ke4 Kc6 55. Nxh6 Bb4 56. Nf7 Kd7 57. Ne5+ Ke6 58. Nd3 Ba3 59. g4 Kf6 60. h4 Kg6 61. g5 Kg7 62. f5 Kf7 63. h5 Kg7 64. g6 Kg8 65. f6 Kf8 66. h6 Kg8 67. f7+ Kf8 68. h7 1-0

[Event "Quebec-ch A U20 Pepsico"]
[Site "Montreal CAN"]
[Date "2012.02.12"]
[Round "5"]
[White "Jiang, Louie"]
[Black "Kraiouchkine, Nikita"]
[Result "1-0"]
[WhiteElo "2363"]
[BlackElo "2339"]
[PlyCount "123"]
[GameId "2160767909576676"]
[EventDate "2012.02.10"]
[EventType "swiss"]
[EventRounds "5"]
[EventCountry "CAN"]
[SourceTitle "EXT 2022"]
[Source "ChessBase"]
[SourceDate "2021.10.06"]
[SourceVersion "1"]
[SourceVersionDate "2021.10.06"]
[SourceQuality "1"]

1. e4 Nf6 2. e5 Nd5 3. d4 d6 4. c4 Nb6 5. exd6 cxd6 6. Nc3 g6 7. Be3 Bg7 8. Rc1 Nc6 9. b3 O-O 10. d5 Ne5 11. Be2 e6 12. f4 Ned7 13. dxe6 Qe7 14. exf7+ Rxf7 15. Qd2 Nc5 16. Nf3 Bg4 17. O-O Bxc3 18. Qxc3 Re8 19. Bxc5 dxc5 20. h3 Bxf3 21. Bxf3 Qe3+ 22. Qxe3 Rxe3 23. Rce1 Rxe1 24. Rxe1 Rxf4 25. Bxb7 Kf7 26. Be4 a5 27. Re2 a4 28. bxa4 Nxa4 29. Bd5+ Kf8 30. Rf2 Rxf2 31. Kxf2 Ke7 32. Bc6 Nb2 33. Bb5 Nd3+ 34. Ke3 Nc1 35. a4 Nb3 36. Kf4 Kf6 37. Bc6 Na5 38. Bd5 Nb3 39. h4 h6 40. Bf3 Na5 41. Be2 Ke6 42. g4 Kf6 43. g5+ hxg5+ 44. hxg5+ Ke6 45. Bd3 Ke7 46. Bxg6 Nxc4 47. Be4 Nd6 48. a5 c4 49. a6 Nb5 50. Ke3 Ke6 51. g6 Kf6 52. Bc2 Kg7 53. Ba4 Nc7 54. a7 Kxg6 55. Kd4 Kf6 56. Kxc4 Ke7 57. Kc5 Kd8 58. Kc6 Kc8 59. Bd1 Kd8 60. Bg4 Na8 61. Kb7 Nc7 62. Bh3 1-0

[Event "Quebec-ch A U20 Pepsico"]
[Site "Montreal CAN"]
[Date "2012.02.12"]
[Round "5"]
[White "Nikulich, Oleksandr"]
[Black "Yu, Zong Yang"]
[Result "1/2-1/2"]
[WhiteElo "1774"]
[BlackElo "1911"]
[PlyCount "135"]
[GameId "2160767909576677"]
[EventDate "2012.02.10"]
[EventType "swiss"]
[EventRounds "5"]
[EventCountry "CAN"]
[SourceTitle "EXT 2022"]
[Source "ChessBase"]
[SourceDate "2021.10.06"]
[SourceVersion "1"]
[SourceVersionDate "2021.10.06"]
[SourceQuality "1"]

1. Nf3 Nf6 2. c4 g6 3. g3 Bg7 4. Bg2 O-O 5. O-O d6 6. Nc3 Nbd7 7. d4 c6 8. d5 c5 9. Bf4 a6 10. a4 Qc7 11. Qd2 Re8 12. Ra2 b6 13. Re1 Nh5 14. Bh6 Bh8 15. g4 Nhf6 16. h3 Bb7 17. Nh2 e6 18. Bf4 exd5 19. Nxd5 Nxd5 20. Bxd5 Bxd5 21. Qxd5 Be5 22. Bg5 b5 23. cxb5 axb5 24. axb5 Rxa2 25. Qxa2 Rb8 26. Qb3 Qb6 27. Nf3 Bg7 28. Rd1 Bf8 29. Bf4 Qxb5 30. Qxb5 Rxb5 31. Bxd6 Rxb2 32. Kf1 Bg7 33. Be7 Rb7 34. Nd2 Bc3 35. Ne4 Bd4 36. e3 Nb8 37. Bxc5 Bxc5 38. Nxc5 Rb5 39. Ne4 Kg7 40. f4 Nc6 41. g5 Rb8 42. Kf2 Ne7 43. Rd2 Nc6 44. Nf6 Rf8 45. h4 Nd8 46. Kf3 Ne6 47. h5 h6 48. Kg4 Rh8 49. hxg6 hxg5 50. Nh5+ Kh6 51. fxg5+ Kxg6 52. Nf4+ Nxf4 53. exf4 Kg7 54. f5 Rf8 55. g6 Kf6 56. Kf4 fxg6 57. Rd6+ Ke7 58. Rxg6 Rf6 59. Ke5 Rf7 60. f6+ Kf8 61. Rg1 Ra7 62. Rb1 Ra5+ 63. Ke6 Ra6+ 64. Kf5 Ra2 65. Rb8+ Kf7 66. Rb7+ Kf8 67. Rb8+ Kf7 68. Rb7+ 1/2-1/2

[Event "Quebec-ch A U20 Pepsico"]
[Site "Montreal CAN"]
[Date "2012.02.12"]
[Round "5"]
[White "Yun, Chang"]
[Black "Leung, Chin"]
[Result "1-0"]
[WhiteElo "1958"]
[BlackElo "1489"]
[PlyCount "53"]
[GameId "2160767909576678"]
[EventDate "2012.02.10"]
[EventType "swiss"]
[EventRounds "5"]
[EventCountry "CAN"]
[SourceTitle "EXT 2022"]
[Source "ChessBase"]
[SourceDate "2021.10.06"]
[SourceVersion "1"]
[SourceVersionDate "2021.10.06"]
[SourceQuality "1"]

1. e4 c5 2. Nf3 d6 3. c3 Nf6 4. Be2 g6 5. O-O Bg7 6. Bb5+ Bd7 7. Bxd7+ Nbxd7 8. Re1 O-O 9. d4 d5 10. e5 Ne4 11. Nbd2 f5 12. exf6 Ndxf6 13. Nxe4 Nxe4 14. Be3 c4 15. Ng5 Nxg5 16. Bxg5 Rf7 17. Qd2 Qd7 18. Re2 Re8 19. Rae1 Bf8 20. h4 Qg4 21. Re5 Rf5 22. R5e2 Kf7 23. Kh2 h6 24. f3 Rxf3 25. gxf3 Qh5 26. Qf4+ Kg8 27. Bxe7 1-0

[Event "Quebec-ch A U20 Pepsico"]
[Site "Montreal CAN"]
[Date "2012.02.12"]
[Round "5"]
[White "Zhu, Hong Rui"]
[Black "Sprumont, Oscar"]
[Result "1-0"]
[WhiteElo "2103"]
[BlackElo "1798"]
[PlyCount "63"]
[GameId "2160767909576679"]
[EventDate "2012.02.10"]
[EventType "swiss"]
[EventRounds "5"]
[EventCountry "CAN"]
[SourceTitle "EXT 2022"]
[Source "ChessBase"]
[SourceDate "2021.10.06"]
[SourceVersion "1"]
[SourceVersionDate "2021.10.06"]
[SourceQuality "1"]

1. e4 e5 2. Nf3 Nc6 3. Bb5 a6 4. Ba4 Nf6 5. O-O Nxe4 6. d4 b5 7. Bb3 d5 8. dxe5 Be6 9. Nbd2 Nc5 10. Re1 Be7 11. Nf1 Nxb3 12. axb3 O-O 13. h3 d4 14. Ng3 Qd5 15. Bg5 f6 16. exf6 Bxf6 17. Bxf6 Rxf6 18. Nd2 Nb4 19. Nde4 Rg6 20. Qd2 c5 21. Rac1 Rc8 22. Kh2 d3 23. c3 Nc2 24. Red1 c4 25. bxc4 bxc4 26. Rxc2 dxc2 27. Qxc2 Qa8 28. Qd2 Qb8 29. Kg1 Qb6 30. Kh1 Rb8 31. Ng5 Qxb2 32. Qd8+ 1-0

[Event "Quebec-ch B U20 Pepsico"]
[Site "Montreal CAN"]
[Date "2012.02.10"]
[Round "1"]
[White "Gao, Catherine"]
[Black "Utepova, Alika"]
[Result "1-0"]
[WhiteElo "890"]
[BlackElo "1285"]
[PlyCount "45"]
[GameId "2160767909576680"]
[EventDate "2012.02.10"]
[EventType "swiss"]
[EventRounds "5"]
[EventCountry "CAN"]
[SourceTitle "hb 2012"]

1. d4 Nf6 2. c4 g6 3. Nc3 d5 4. e3 Bg7 5. Nf3 O-O 6. h3 Nc6 7. c5 Nh5 8. b3 e5 9. Nxe5 Nxe5 10. dxe5 Bxe5 11. Bb2 c6 12. Be2 Qg5 13. g4 Ng7 14. f4 Qh4+ 15. Kf1 Bc7 16. Qe1 Qe7 17. Qf2 Re8 18. Nd1 Qxc5 19. Bd4 Qc2 20. Qh4 Bxf4 21. Qf6 Bh6 22. g5 Nf5 23. Qh8# 1-0

[Event "Quebec-ch B U20 Pepsico"]
[Site "Montreal CAN"]
[Date "2012.02.10"]
[Round "1"]
[White "Guan, Zi Yu"]
[Black "Nazarian, Arash"]
[Result "0-1"]
[WhiteElo "982"]
[BlackElo "1297"]
[PlyCount "60"]
[GameId "2160767909576681"]
[EventDate "2012.02.10"]
[EventType "swiss"]
[EventRounds "5"]
[EventCountry "CAN"]
[SourceTitle "EXT 2022"]
[Source "ChessBase"]
[SourceDate "2021.10.06"]
[SourceVersion "1"]
[SourceVersionDate "2021.10.06"]
[SourceQuality "1"]

1. e4 e5 2. Nf3 Nc6 3. d4 exd4 4. Nxd4 Nge7 5. Be2 d5 6. exd5 Qxd5 7. Be3 Qxg2 8. Bf3 Qg6 9. Nb5 Bd7 10. N1c3 O-O-O 11. Bxc6 Nxc6 12. Nxa7+ Nxa7 13. Bxa7 b6 14. Qf3 Re8+ 15. Ne2 Bc6 16. Qa3 Bxa3 17. bxa3 Bxh1 18. O-O-O Qg5+ 19. f4 Qa5 20. Nd4 Qxa3+ 21. Kb1 Qxa7 22. Rxh1 b5 23. Rd1 Rd8 24. Rd3 Rxd4 25. Rxd4 Qxd4 26. a3 Re8 27. Ka2 Qc4+ 28. Kb2 Re2 29. h4 Qxc2+ 30. Ka1 Qb2# 0-1

[Event "Quebec-ch B U20 Pepsico"]
[Site "Montreal CAN"]
[Date "2012.02.10"]
[Round "1"]
[White "Kravets, Michael"]
[Black "Bershtein, Anry Samuel"]
[Result "1-0"]
[WhiteElo "1390"]
[BlackElo "1192"]
[PlyCount "61"]
[GameId "2160767909576682"]
[EventDate "2012.02.10"]
[EventType "swiss"]
[EventRounds "5"]
[EventCountry "CAN"]
[SourceTitle "hb 2012"]

1. e4 e5 2. Nf3 Nc6 3. Bb5 d6 4. d4 Bg4 5. d5 a6 6. dxc6 axb5 7. cxb7 Rb8 8. Qd5 Bd7 9. Ng5 Qe7 10. O-O Nf6 11. Qd3 Rxb7 12. a3 h6 13. Nf3 g5 14. a4 Ra7 15. Nc3 c6 16. a5 Ra6 17. b4 d5 18. Ba3 d4 19. Ne2 g4 20. Nh4 Nxe4 21. Qxe4 Qxh4 22. Qxe5+ Be6 23. Qxh8 Bc4 24. Rfe1 d3 25. cxd3 Be6 26. Nd4 Ke7 27. Nxe6 fxe6 28. Qh7+ Kf6 29. Bb2+ Kg5 30. Rxe6 Bxb4 31. Bc1+ 1-0

[Event "Quebec-ch B U20 Pepsico"]
[Site "Montreal CAN"]
[Date "2012.02.10"]
[Round "1"]
[White "Luo, Jia Yu"]
[Black "Plante, Santiago"]
[Result "0-1"]
[WhiteElo "733"]
[BlackElo "1228"]
[PlyCount "61"]
[GameId "2160767909576683"]
[EventDate "2012.02.10"]
[EventType "swiss"]
[EventRounds "5"]
[EventCountry "CAN"]
[SourceTitle "hb 2012"]

1. e4 e6 2. Nf3 d5 3. Nc3 Bc5 4. Be2 Nf6 5. d3 O-O 6. O-O b6 7. b3 Bb4 8. Bb2 Ba6 9. h3 dxe4 10. Nxe4 Nxe4 11. dxe4 Qxd1 12. Raxd1 Bxe2 13. Rc1 Bxf1 14. Rxf1 Nc6 15. Rd1 Rfd8 16. Rf1 Rd7 17. Ne1 Rd1 18. Kh2 Rxe1 19. Rxe1 Bxe1 20. f3 Nb4 21. Be5 c5 22. g4 Rd8 23. h4 Bxh4 24. Kh3 g5 25. f4 h6 26. fxg5 hxg5 27. Bf6 Rd2 28. Bc3 Rxc2 29. Bxb4 cxb4 30. e5 Rc3+ 31. Kg2 0-1

[Event "Quebec-ch B U20 Pepsico"]
[Site "Montreal CAN"]
[Date "2012.02.10"]
[Round "1"]
[White "Morin-Pare, Victor"]
[Black "Tinica, Sabina"]
[Result "1-0"]
[WhiteElo "1295"]
[BlackElo "961"]
[PlyCount "69"]
[GameId "2160767909576684"]
[EventDate "2012.02.10"]
[EventType "swiss"]
[EventRounds "5"]
[EventCountry "CAN"]
[SourceTitle "hb 2012"]

1. e4 c5 2. Nf3 d6 3. d4 cxd4 4. Nxd4 Nf6 5. Nc3 g6 6. Be3 Bg7 7. f3 O-O 8. Qd2 Nbd7 9. O-O-O a6 10. Bh6 b5 11. Nc6 Qe8 12. Bxg7 Kxg7 13. Nd5 Nxd5 14. exd5 Nf6 15. Re1 e5 16. f4 e4 17. Qd4 Bf5 18. h3 e3 19. Rxe3 Qc8 20. g4 Bd7 21. g5 Bxc6 22. gxf6+ Kg8 23. dxc6 Qxc6 24. Rg1 Rac8 25. Bd3 a5 26. f5 b4 27. Qh4 Qb6 28. Qh6 Rxc2+ 29. Bxc2 Qxe3+ 30. Qxe3 Kh8 31. Qh6 Rg8 32. fxg6 fxg6 33. Rxg6 Rxg6 34. Bxg6 Kg8 35. Qg7# 1-0

[Event "Quebec-ch B U20 Pepsico"]
[Site "Montreal CAN"]
[Date "2012.02.10"]
[Round "1"]
[White "Ouellet, Maili-Jade"]
[Black "Tuncbilek, Emir"]
[Result "1-0"]
[WhiteElo "1197"]
[BlackElo "618"]
[PlyCount "69"]
[GameId "2160767909576685"]
[EventDate "2012.02.10"]
[EventType "swiss"]
[EventRounds "5"]
[EventCountry "CAN"]
[SourceTitle "hb 2012"]

1. d4 d5 2. c4 dxc4 3. e3 e6 4. Bxc4 c5 5. Nf3 Nf6 6. O-O Bd6 7. dxc5 Bxc5 8. Qxd8+ Kxd8 9. Rd1+ Ke8 10. Nc3 Nc6 11. Bb5 Bd7 12. a3 Rd8 13. b4 a6 14. Bxc6 Bxe3 15. Bxd7+ Rxd7 16. Rxd7 Kxd7 17. Bxe3 Ke7 18. Bc5+ Ke8 19. Rd1 h5 20. Bb6 Nd7 21. Ne5 Nxb6 22. Ne4 f6 23. Nd6+ Ke7 24. Ng6+ Kd8 25. Nxh8 Kc7 26. Nhf7 Nc4 27. Nxc4 b5 28. Na5 g5 29. Nd6 f5 30. Ne8+ Kc8 31. Nc6 h4 32. Rd8+ Kb7 33. Na5+ Kb6 34. Rb8+ Ka7 35. Nc6# 1-0

[Event "Quebec-ch B U20 Pepsico"]
[Site "Montreal CAN"]
[Date "2012.02.10"]
[Round "1"]
[White "Saha, Ananda"]
[Black "Roussel, Lauriane"]
[Result "1-0"]
[WhiteElo "1351"]
[BlackElo "1003"]
[PlyCount "147"]
[GameId "2160767909576686"]
[EventDate "2012.02.10"]
[EventType "swiss"]
[EventRounds "5"]
[EventCountry "CAN"]
[SourceTitle "hb 2012"]

1. d4 d5 2. c4 e6 3. Nc3 Nf6 4. cxd5 Nxd5 5. e4 Nb6 6. Nf3 Nc6 7. Bb5 Bd7 8. Bf4 a6 9. Ba4 Nxa4 10. Qxa4 Nb4 11. Qd1 c5 12. a3 cxd4 13. Nxd4 Nc6 14. Nxc6 Bxc6 15. Qxd8+ Rxd8 16. O-O Be7 17. Rad1 O-O 18. Bc7 Rc8 19. Bb6 Bf6 20. Bd4 Bxd4 21. Rxd4 Rfd8 22. Rfd1 Rxd4 23. Rxd4 h6 24. h3 Rc7 25. e5 Rd7 26. Rxd7 Bxd7 27. Ne4 Bc6 28. Nc5 a5 29. Kf1 b6 30. Nb3 f6 31. Nd4 Bd7 32. f4 Kf7 33. h4 Kg6 34. g4 h5 35. g5 f5 36. Ke2 Kf7 37. Kd3 Ke8 38. Kc4 Kd8 39. b4 Kc7 40. Nb5+ Kb7 41. Nd6+ Ka6 42. b5+ Ka7 43. Nf7 Kb7 44. a4 Kc7 45. Kd4 Be8 46. g6 Kd7 47. Nd6 Bxg6 48. Kc4 Bh7 49. Kd4 g5 50. hxg5 h4 51. Ke3 Bg6 52. Kf2 Bh5 53. Nc4 Kc7 54. Kg2 Be2 55. g6 Bh5 56. g7 Bf7 57. Kh3 Kd7 58. Nxb6+ Ke7 59. Nc8+ Kd7 60. Nd6 Bg8 61. Kxh4 Kc7 62. Ne8+ Kb6 63. Nf6 Bf7 64. g8=Q Bxg8 65. Nxg8 Kc5 66. Kg5 Kb4 67. b6 Kxa4 68. b7 Ka3 69. b8=Q a4 70. Qd6+ Ka2 71. Qxe6+ Ka1 72. Qc4 a3 73. Kxf5 a2 74. Qc1# 1-0

[Event "Quebec-ch B U20 Pepsico"]
[Site "Montreal CAN"]
[Date "2012.02.10"]
[Round "1"]
[White "Saine, Zachary"]
[Black "Cassista, Jeremie"]
[Result "1-0"]
[WhiteElo "1284"]
[BlackElo "857"]
[PlyCount "40"]
[GameId "2160767909576687"]
[EventDate "2012.02.10"]
[EventType "swiss"]
[EventRounds "5"]
[EventCountry "CAN"]
[SourceTitle "hb 2012"]

1. e4 e5 2. Nf3 Nc6 3. Bc4 Nf6 4. Ng5 d5 5. exd5 Nxd5 6. Nxf7 Kxf7 7. Qf3+ Ke6 8. Nc3 Ncb4 9. Bb3 Be7 10. d4 c6 11. O-O Rf8 12. Qe4 Kd7 13. Bxd5 Nxd5 14. Nxd5 cxd5 15. Qxe5 Kc6 16. Qxg7 Bf5 17. Re1 Bf6 18. Qh6 Bxc2 19. Bg5 Bg6 20. Rac1+ Kd7 1-0

[Event "Quebec-ch B U20 Pepsico"]
[Site "Montreal CAN"]
[Date "2012.02.10"]
[Round "1"]
[White "Serban, Diana"]
[Black "Yang, Eddie"]
[Result "0-1"]
[WhiteElo "1071"]
[BlackElo "1353"]
[PlyCount "118"]
[GameId "2160767909576688"]
[EventDate "2012.02.10"]
[EventType "swiss"]
[EventRounds "5"]
[EventCountry "CAN"]
[SourceTitle "hb 2012"]

1. d4 Nf6 2. c4 e6 3. Bg5 Be7 4. Nc3 h6 5. Bf4 O-O 6. e3 Nc6 7. Nf3 d5 8. a3 a6 9. Bd3 dxc4 10. Bxc4 b5 11. Bd3 Bb7 12. O-O Bd6 13. Bxd6 cxd6 14. Qc2 Ne7 15. Ne4 Ng6 16. Nxf6+ Qxf6 17. Be4 Rac8 18. Qd3 Bxe4 19. Qxe4 d5 20. Qd3 Rc7 21. Rfc1 Rfc8 22. Rxc7 Rxc7 23. a4 bxa4 24. Qxa6 Rc2 25. Qb5 Nh4 26. Nxh4 Qxf2+ 27. Kh1 Qxh4 28. Qd3 Qf2 29. Qf1 Qxf1+ 30. Rxf1 Rxb2 31. Ra1 a3 32. h3 Rb3 33. Kg1 Rxe3 34. Kf2 Rd3 35. Ke2 Rxd4 36. Rxa3 Kh7 37. Ke3 Re4+ 38. Kf3 g5 39. Re3 Rxe3+ 40. Kxe3 Kg6 41. Kf3 e5 42. g3 f5 43. g4 fxg4+ 44. hxg4 h5 45. gxh5+ Kxh5 46. Kg3 e4 47. Kf2 g4 48. Kg3 e3 49. Kg2 d4 50. Kf1 d3 51. Kg2 d2 52. Kg3 d1=Q 53. Kf4 Qd4+ 54. Kf5 e2 55. Ke6 e1=R+ 56. Kf7 Qf4+ 57. Kg7 Re7+ 58. Kg8 Qf7+ 59. Kh8 Qg7# 0-1

[Event "Quebec-ch B U20 Pepsico"]
[Site "Montreal CAN"]
[Date "2012.02.10"]
[Round "1"]
[White "Subotyak, Ivan"]
[Black "Bissonnette, Raphael"]
[Result "1-0"]
[WhiteElo "1354"]
[BlackElo "1142"]
[PlyCount "77"]
[GameId "2160767909576689"]
[EventDate "2012.02.10"]
[EventType "swiss"]
[EventRounds "5"]
[EventCountry "CAN"]
[SourceTitle "hb 2012"]

1. d4 Nf6 2. c4 d5 3. Nf3 g6 4. Nc3 Bg7 5. Bf4 c6 6. e3 Bg4 7. Qb3 Qb6 8. cxd5 Qxb3 9. axb3 Bxf3 10. gxf3 Nxd5 11. Bxb8 Nb4 12. Ra4 b5 13. Rxb4 a5 14. Bxb5 axb4 15. Bxc6+ Kd8 16. Bxa8 bxc3 17. bxc3 Kd7 18. O-O Rxb8 19. Bd5 e6 20. Bc4 Ra8 21. Rc1 Kc6 22. e4 Ra2 23. d5+ exd5 24. Bxd5+ Kb5 25. Bxf7 Ra3 26. f4 Bf6 27. e5 Be7 28. Rd1 Ra7 29. Bc4+ Kc6 30. e6 Bf6 31. Rd7 Rxd7 32. exd7 Kxd7 33. Bb5+ Kd6 34. c4 Kc5 35. Kg2 h6 36. Kg3 h5 37. h4 Kb4 38. Ba4 Kc5 39. Be8 1-0

[Event "Quebec-ch B U20 Pepsico"]
[Site "Montreal CAN"]
[Date "2012.02.10"]
[Round "1"]
[White "Tsypin, Allison"]
[Black "Zhang, Hou Han"]
[Result "0-1"]
[WhiteElo "854"]
[BlackElo "1261"]
[PlyCount "112"]
[GameId "2160767909576690"]
[EventDate "2012.02.10"]
[EventType "swiss"]
[EventRounds "5"]
[EventCountry "CAN"]
[SourceTitle "hb 2012"]

1. d4 Nf6 2. c4 g6 3. Nc3 Bg7 4. Nf3 d6 5. Bg5 Bg4 6. e3 O-O 7. Be2 Nbd7 8. O-O c5 9. d5 a6 10. Rc1 Bxf3 11. Bxf3 Ne5 12. Be2 Rb8 13. a3 Qa5 14. Qa4 Qxa4 15. Nxa4 b5 16. cxb5 axb5 17. Nc3 b4 18. axb4 Rxb4 19. Rb1 Rfb8 20. Nd1 h6 21. Bf4 Nxd5 22. e4 Nxf4 23. Ba6 Ra8 24. g3 Ne6 25. Be2 Nd4 26. f4 Nxe2+ 27. Kh1 Nd3 28. Ne3 e6 29. b3 Nc3 30. Nc2 Nxb1 31. Nxb4 Nxb4 32. Rxb1 Ra1 33. Rxa1 Bxa1 34. Kg2 Nc2 35. Kf3 Nd4+ 36. Ke3 Nxb3 37. Kd3 d5 38. h3 c4+ 39. Kc2 dxe4 40. Kd1 e3 41. g4 e2+ 42. Kxe2 c3 43. Kd3 Nc5+ 44. Kc4 c2 45. Kxc5 c1=Q+ 46. Kb5 Qc3 47. h4 h5 48. g5 Kf8 49. Kb6 Qc4 50. Ka5 Qb3 51. Ka6 Qb4 52. Ka7 Qb5 53. Ka8 Ke7 54. Ka7 Kd7 55. Ka8 Kc7 56. Ka7 Qb7# 0-1

[Event "Quebec-ch B U20 Pepsico"]
[Site "Montreal CAN"]
[Date "2012.02.10"]
[Round "1"]
[White "Wang, Bing Kun"]
[Black "Johnson-Constantin, Mathieu"]
[Result "1-0"]
[WhiteElo "1482"]
[BlackElo "1193"]
[PlyCount "43"]
[GameId "2160767909576691"]
[EventDate "2012.02.10"]
[EventType "swiss"]
[EventRounds "5"]
[EventCountry "CAN"]
[SourceTitle "hb 2012"]

1. e4 c5 2. Nf3 d6 3. d4 cxd4 4. Nxd4 Nf6 5. Nc3 g6 6. Be3 Bg7 7. Qd2 O-O 8. f3 Nbd7 9. O-O-O Ne5 10. Be2 Bd7 11. g4 a6 12. h4 h5 13. gxh5 Nxh5 14. Rdg1 Qc8 15. Nd5 Qd8 16. f4 e6 17. Bxh5 gxh5 18. fxe5 exd5 19. Bh6 Bg4 20. Bxg7 Kxg7 21. Nf5+ Kg8 22. Qh6 1-0

[Event "Quebec-ch B U20 Pepsico"]
[Site "Montreal CAN"]
[Date "2012.02.11"]
[Round "1"]
[White "Gao, Christine"]
[Black "Tinica, Gabriel"]
[Result "1-0"]
[WhiteElo "1229"]
[BlackElo "753"]
[PlyCount "91"]
[GameId "2160767909576692"]
[EventDate "2012.02.10"]
[EventType "swiss"]
[EventRounds "5"]
[EventCountry "CAN"]
[SourceTitle "hb 2012"]

1. e4 c5 2. Nf3 d6 3. d4 cxd4 4. Nxd4 Nf6 5. Nc3 g6 6. Be3 Bg7 7. Qd2 O-O 8. O-O-O Nc6 9. h3 e5 10. Ndb5 Ne8 11. Nxd6 Nxd6 12. Qxd6 Qxd6 13. Rxd6 Nd4 14. Bxd4 exd4 15. Nb5 f5 16. Bc4+ Kh8 17. exf5 Rxf5 18. Rd8+ Bf8 19. Nxd4 Rxf2 20. Be6 Rxg2 21. Rxf8+ Kg7 22. Rxc8 Rxc8 23. Bxc8 b6 24. Re1 Rh2 25. Re7+ Kh6 26. Rxa7 Kg5 27. Rxh7 Kf4 28. Re7 g5 29. Re2 Rh1+ 30. Kd2 Kg3 31. c4 Ra1 32. a3 Ra2 33. Kc3 Kh4 34. Re1 Kh5 35. Kb3 Rxa3+ 36. Kxa3 Kh6 37. b4 Kh7 38. c5 bxc5 39. bxc5 Kh8 40. c6 Kg8 41. Be6+ Kh8 42. c7 Kh7 43. c8=Q Kg7 44. Qg8+ Kh6 45. Nf5+ Kh5 46. Qh7# 1-0

[Event "Quebec-ch B U20 Pepsico"]
[Site "Montreal CAN"]
[Date "2012.02.11"]
[Round "2"]
[White "Luo, Muhan"]
[Black "Gao, Christine"]
[Result "1-0"]
[WhiteElo "1364"]
[BlackElo "1229"]
[PlyCount "161"]
[GameId "2160767909576693"]
[EventDate "2012.02.10"]
[EventType "swiss"]
[EventRounds "5"]
[EventCountry "CAN"]
[SourceTitle "hb 2012"]

1. d4 Nf6 2. c4 e6 3. Nf3 d5 4. e3 b6 5. Nc3 Bb4 6. Qa4+ Nc6 7. cxd5 Qxd5 8. Bb5 Bxc3+ 9. bxc3 Bd7 10. O-O a6 11. c4 Qe4 12. Nd2 Qf5 13. Bxc6 h5 14. Bxd7+ Nxd7 15. Qc6 Rc8 16. Qe4 Qxe4 17. Nxe4 O-O 18. Ba3 Rfd8 19. c5 bxc5 20. Nxc5 Nxc5 21. Bxc5 Rd5 22. Rab1 e5 23. Rb7 exd4 24. Bxd4 Ra5 25. Rb2 c5 26. Rc1 c4 27. Kf1 Kf8 28. Ke2 f6 29. Rbc2 Ra4 30. Kf3 Ke7 31. Ke4 Ke6 32. f4 f5+ 33. Kf3 g6 34. Kg3 Kd5 35. Rc3 Rxa2 36. R3c2 Ra3 37. Ra1 Rxa1 38. Bxa1 Ke4 39. Bd4 Kd3 40. Rc3+ Kd2 41. Kh4 a5 42. Kg5 Rc6 43. Kh4 a4 44. g3 Rc8 45. Kg5 Rc6 46. Kh4 Rc8 47. h3 Ke2 48. g4 hxg4 49. hxg4 Kf3 50. gxf5 gxf5 51. Kg5 Ke4 52. Ra3 Ra8 53. Kf6 Ra6+ 54. Ke7 Kd5 55. Kd7 Ra5 56. Kc7 Ra6 57. Kb7 Rc6 58. Rxa4 Rd6 59. Ra5+ Ke6 60. Re5+ Kf6 61. Rc5+ Kg6 62. Rxc4 Rd7+ 63. Kc8 Rf7 64. Rc6+ Kh5 65. Rf6 Rxf6 66. Bxf6 Kg4 67. Bd4 Kf3 68. Kd7 Kg3 69. Kd6 Kf3 70. Ke5 Kg4 71. e4 fxe4 72. Kxe4 Kh5 73. f5 Kh6 74. f6 Kg6 75. Ke5 Kf7 76. Kf5 Kf8 77. Ke6 Ke8 78. f7+ Kf8 79. Bc5+ Kg7 80. Ke7 Kg6 81. f8=Q 1-0

[Event "Quebec-ch B U20 Pepsico"]
[Site "Montreal CAN"]
[Date "2012.02.11"]
[Round "2"]
[White "Nazarian, Arash"]
[Black "Gao, Catherine"]
[Result "1-0"]
[WhiteElo "1297"]
[BlackElo "890"]
[PlyCount "77"]
[GameId "2160767909576694"]
[EventDate "2012.02.10"]
[EventType "swiss"]
[EventRounds "5"]
[EventCountry "CAN"]
[SourceTitle "EXT 2022"]
[Source "ChessBase"]
[SourceDate "2021.10.06"]
[SourceVersion "1"]
[SourceVersionDate "2021.10.06"]
[SourceQuality "1"]

1. e4 e5 2. Nf3 Nc6 3. d4 exd4 4. Nxd4 Nf6 5. Bg5 h6 6. Nxc6 bxc6 7. Bh4 g5 8. Bg3 Nxe4 9. Qe2 Qe7 10. Bxc7 Bb7 11. f3 Nf6 12. Be5 O-O-O 13. Nc3 Bg7 14. O-O-O Rhe8 15. Bd6 Qxe2 16. Bxe2 Re6 17. Bg3 Nh5 18. Bc4 Re3 19. Bf2 Re5 20. Bd4 Ree8 21. Bxa7 Bxc3 22. Bxf7 Bxb2+ 23. Kxb2 Re5 24. Bxh5 Rb5+ 25. Ka1 Ra5 26. Bb6 Ra3 27. Bxd8 Kxd8 28. Rd3 Ra7 29. Rhd1 d5 30. c4 Ra4 31. cxd5 cxd5 32. Bf7 Ke7 33. Bxd5 Ba6 34. Re1+ Kf8 35. Rde3 Kg7 36. Re7+ Kg6 37. R1e6+ Kh5 38. Re4 Ra5 39. Bf7# 1-0